Canoe days / (Record no. 34461)
[ view plain ]
| 000 -LEADER | |
|---|---|
| fixed length control field | 01278cam a2200385 a 4500 |
| 001 - CONTROL NUMBER | |
| control field | 37001599 |
| 003 - CONTROL NUMBER IDENTIFIER | |
| control field | XX-XxUND |
| 005 - DATE AND TIME OF LATEST TRANSACTION | |
| control field | 20241220114410.0 |
| 008 - FIXED-LENGTH DATA ELEMENTS--GENERAL INFORMATION | |
| fixed length control field | 970522s1999 nyua b 000 1 eng |
| 010 ## - LIBRARY OF CONGRESS CONTROL NUMBER | |
| LC control number | 97021542 /AC |
| 020 ## - INTERNATIONAL STANDARD BOOK NUMBER | |
| International Standard Book Number | 038532524X |
| 020 ## - INTERNATIONAL STANDARD BOOK NUMBER | |
| International Standard Book Number | 9781442010949 |
| 035 ## - SYSTEM CONTROL NUMBER | |
| System control number | (Sirsi) i9780385325240 |
| 040 ## - CATALOGING SOURCE | |
| Original cataloging agency | DLC |
| Transcribing agency | DLC |
| Description conventions | rda |
| 049 ## - LOCAL HOLDINGS (OCLC) | |
| Holding library | LJWA |
| 082 00 - DEWEY DECIMAL CLASSIFICATION NUMBER | |
| Classification number | [E] |
| Edition number | 21 |
| 092 ## - LOCALLY ASSIGNED DEWEY CALL NUMBER (OCLC) | |
| Classification number | PICTURE BOOK |
| Item number | PAULSEN |
| 092 ## - LOCALLY ASSIGNED DEWEY CALL NUMBER (OCLC) | |
| Classification number | PAU |
| 099 #9 - LOCAL FREE-TEXT CALL NUMBER (OCLC) | |
| Classification number | YE |
| -- | PAU |
| 100 1# - MAIN ENTRY--PERSONAL NAME | |
| Personal name | Paulsen, Gary. |
| 9 (RLIN) | 6154263 |
| 245 10 - TITLE STATEMENT | |
| Title | Canoe days / |
| Statement of responsibility, etc | Gary Paulsen ; illustrated by Ruth Wright Paulsen. |
| 260 ## - PUBLICATION, DISTRIBUTION, ETC. (IMPRINT) | |
| Place of publication, distribution, etc | New York : |
| Name of publisher, distributor, etc | Doubleday Books for Young Readers, |
| Date of publication, distribution, etc | c1999. |
| 264 ## - Production, Publication, Distribution, Manufacture, and Copyright Notice. | |
| Place of production, publication, distribution, manufacture | New York : |
| Name of producer, publisher, distributor, manufacturer | Doubleday Books for Young Readers, |
| Date of production, publication, distribution, manufacture, or copyr | c1999. |
| 300 ## - PHYSICAL DESCRIPTION | |
| Extent | [32] p. : |
| Other physical details | col. ill. ; |
| Dimensions | 21 x 27 cm. |
| 500 ## - GENERAL NOTE | |
| General note | Gr. Pre-3. |
| 520 ## - SUMMARY, ETC. | |
| Summary, etc | A canoe ride on a northern lake during a summer day reveals the quiet beauty and wonder of nature in and around the peaceful water. |
| 650 #0 - SUBJECT ADDED ENTRY--TOPICAL TERM | |
| Topical term or geographic name as entry element | Nature |
| Form subdivision | Juvenile fiction. |
| 9 (RLIN) | 5706822 |
| 650 #0 - SUBJECT ADDED ENTRY--TOPICAL TERM | |
| Topical term or geographic name as entry element | Summer |
| Form subdivision | Juvenile fiction. |
| 9 (RLIN) | 5684844 |
| 700 1# - ADDED ENTRY--PERSONAL NAME | |
| Personal name | Paulsen, Ruth Wright, |
| 9 (RLIN) | 5178 |
| 942 ## - ADDED ENTRY ELEMENTS (KOHA) | |
| Koha item type | BOOK |
| Source of classification or shelving scheme | Dewey Decimal Classification |
| Withdrawn status | Lost status | Source of classification or shelving scheme | Damaged status | Not for loan | Collection code | Home library | Current library | Shelving location | Date acquired | Source of acquisition | Total Checkouts | Total Renewals | Full call number | Barcode | Date last seen | Date checked out | Cost, replacement price | Price effective from | Koha item type |
|---|---|---|---|---|---|---|---|---|---|---|---|---|---|---|---|---|---|---|---|
| Dewey Decimal Classification | Children Picture Books | Wasatch County Library | Wasatch County Library | Main Floor Childrens Area | 11/29/2021 | Baker & Taylor | 9 | 7 | E Paulsen | 34301001886250 | 08/25/2025 | 08/22/2025 | 16.99 | 11/29/2021 | BOOK |
